LIBRARY & INFORMATION CENTRE, KCAET, TAVANUR

ONLINE PUBLIC ACCESS CATALOGUE (OPAC)

Programming with FORTRAN 77 : A structured approach / (Record no. 2984)

MARC details
000 -LEADER
fixed length control field 00576cam a2200217ua 4500
020 ## - INTERNATIONAL STANDARD BOOK NUMBER
ISBN 81 221 0094 9
041 ## - LANGUAGE CODE
Language code of text/sound track or separate title eng
082 ## - DEWEY DECIMAL CLASSIFICATION NUMBER
Classification number 005.262
Item number DHA/PR
100 ## - MAIN ENTRY--AUTHOR NAME
Personal name Dhaliwal, R.S. .
245 ## - TITLE STATEMENT
Title Programming with FORTRAN 77 : A structured approach /
250 ## - EDITION STATEMENT
Edition statement 1 /
260 ## - PUBLICATION, DISTRIBUTION, ETC. (IMPRINT)
Place of publication New Delhi :
Name of publisher New Age International Ltd ,
Year of publication 1995.
300 ## - PHYSICAL DESCRIPTION
Number of Pages 408 ; .
500 ## - GENERAL NOTE
General note *CSS
700 1# - ADDED ENTRY--PERSONAL NAME
Personal name Agarwal, S.K. .
700 1# - ADDED ENTRY--PERSONAL NAME
Personal name Gupta, S.K. .
942 ## - ADDED ENTRY ELEMENTS (KOHA)
Koha item type Books
Holdings
Withdrawn status Lost status Damaged status Home library Current library Shelving location Date acquired Full call number Accession Number Koha item type
      KAUAET KAUAET Scheme 23/07/2018 005.262 DHA/PR 18962 Books
free website counter